Statistics for Imperial Troopers CODE NUMBERS!

Click here to take the quiz!

General Stats

  • This quiz has been taken 13 times
  • The average score is 4 of 8

Answer Stats

TrooperTag% Correct
Stormtrooper/Shoretrooper/Scout Trooper/SnowtrooperTK
100%
Death TrooperDT
75%
Range TrooperRT
75%
Scout TrooperST
75%
OfficersLRC
38%
StormtrooperLS
38%
StormtrooperMB
25%
TIE PilotsDS
13%

Score Distribution

Percentile by Number Answered

Percent of People with Each Score

Your Score History

You have not taken this quiz